The noble scholar, jurist, historian


 His Excellency Dr. Abdul Wahhab bin Ibrahim Abu Sulaiman, may Allah have mercy on him.


 He was born in Umm Al-Qura in the year 1356 AH.

الفقه السياسي للوثائق النبوية : (Record no. 12267)

MARC details
000 -LEADER
fixed length control field 02181cam a2200277 i 4500
003 - CONTROL NUMBER IDENTIFIER
control field SA-RiAUC
005 - DATE AND TIME OF LATEST TRANSACTION
control field 20251001115838.0
008 - FIXED-LENGTH DATA ELEMENTS--GENERAL INFORMATION
fixed length control field 250728s1998 jo g b 00010 ara c
024 0# - OTHER STANDARD IDENTIFIER
Standard number or code 00000000985943
040 ## - CATALOGING SOURCE
Original cataloging agency SA-JeALM
Language of cataloging ara
Transcribing agency SA-RiAUC
Modifying agency AE-DuMBRL
Description conventions rda
050 #4 - LIBRARY OF CONGRESS CALL NUMBER
Item number .F34 1998
082 04 - DEWEY DECIMAL CLASSIFICATION NUMBER
Classification number 257.1
Assigning agency SA-RiAUC
090 ## - LOCALLY ASSIGNED LC-TYPE CALL NUMBER (OCLC); LOCAL CALL NUMBER (RLIN)
Classification number (OCLC) (R) ; Classification number, CALL (RLIN) (NR) 257.1
Local cutter number (OCLC) ; Book number/undivided call number, CALL (RLIN) ف هـ د
100 1# - MAIN ENTRY--PERSONAL NAME
Personal name الفهداوي، خالد سليمان،
Dates associated with a name 1968-
Relator term مؤلف.
245 12 - TITLE STATEMENT
Title الفقه السياسي للوثائق النبوية :
Remainder of title المعاهدات-الأحلاف-الدبلوماسية الإسلامية /
Statement of responsibility, etc. خالد سليمان الفهداوي.
250 ## - EDITION STATEMENT
Edition statement الطبعة الأولى.
264 #1 - PRODUCTION, PUBLICATION, DISTRIBUTION, MANUFACTURE, AND COPYRIGHT NOTICE
Place of production, publication, distribution, manufacture عمان، الأردن :
Name of producer, publisher, distributor, manufacturer دار عمار للنشر والتوزيع،
Date of production, publication, distribution, manufacture, or copyright notice 1998.
300 ## - PHYSICAL DESCRIPTION
Extent 302 صفحة ؛
Dimensions 24 سم.
336 ## - CONTENT TYPE
Content type term نص
Content type code txt
Source rdacontent
Materials specified كتاب
520 ## - SUMMARY, ETC.
Summary, etc. يتناول كتاب (الفقه السياسي للوثائق النبوية المعاهدات-الأحلاف-الدبلوماسية الإسلامية) والذي قام بتأليفه خالد سليمان الفهداوي، موضوع (الفقه السياسي) هذا الكتاب يقدم دراسة في فقه الدبلوماسية الإسلامية وحياة الشعوب قبل الإسلام، ومراحل نشأة الدولة من خلال وثائق العهد النبوي. وعرض التعريفات العامة للوثائق السياسية والمعاهدات، ، الرسائل النبوية إلى الملوك والرؤساء خارج الجزيرة العربية وأثرها على عالمية الدعوة. موضحا أهداف الوثائق السياسية النبوية مع نماذج عملية منها، وأثر الاتفاقيات مع اليهود والنصارى في انتشار الإسلام خارج الجزيرة العربية.
650 #7 - SUBJECT ADDED ENTRY--TOPICAL TERM
Topical term or geographic name entry element نظم الحكم في الإسلام
Source of heading or term aucsh
650 #7 - SUBJECT ADDED ENTRY--TOPICAL TERM
Topical term or geographic name entry element الإسلام
General subdivision جوانب سياسية
Source of heading or term aucsh
942 ## - ADDED ENTRY ELEMENTS (KOHA)
Source of classification or shelving scheme Dewey Decimal Classification
Koha item type Books
Suppress in OPAC No
949 ## - LOCAL PROCESSING INFORMATION (OCLC)
a SA-JeALM
d 250728
u osman123
n 1
Holdings
Withdrawn status Lost status Source of classification or shelving scheme Damaged status Not for loan Home library Current library Date acquired Total checkouts Full call number Barcode Date last seen Price effective from Koha item type
    Dewey Decimal Classification     DR AbdElwahab Library DR AbdElwahab Library 10/01/2025   257.1 ف هـ د 000019760 10/01/2025 10/01/2025 Books